LIBRARY & INFORMATION CENTRE, KCAET, TAVANUR

ONLINE PUBLIC ACCESS CATALOGUE (OPAC)

Commercial Vegetable Processing / (Record no. 1492)

MARC details
000 -LEADER
fixed length control field 00388cam a2200145ua 4500
020 ## - INTERNATIONAL STANDARD BOOK NUMBER
ISBN 9789381714645
082 ## - DEWEY DECIMAL CLASSIFICATION NUMBER
Classification number 664.8.
Item number LUH/CO
100 ## - MAIN ENTRY--AUTHOR NAME
Personal name Luh, Bor Shiun .
100 ## - MAIN ENTRY--AUTHOR NAME
Personal name Wodroof, Jasperguy .
245 00 - TITLE STATEMENT
Title Commercial Vegetable Processing /
250 ## - EDITION STATEMENT
Edition statement 2 nd
260 ## - PUBLICATION, DISTRIBUTION, ETC. (IMPRINT)
Place of publication New Delhi
Name of publisher Medtec - Scientific International Pvt. Ltd
Year of publication 2014
300 ## - PHYSICAL DESCRIPTION
Number of Pages 784 ; .
942 ## - ADDED ENTRY ELEMENTS (KOHA)
Koha item type Books
Holdings
Withdrawn status Lost status Damaged status Home library Current library Date acquired Full call number Accession Number Koha item type Collection code Shelving location Source of acquisition Cost, normal purchase price
      KAUAET KAUAET 07/04/2012 664.8 19375 Books        
      KAUAET KAUAET 19/07/2016 664.8. LUH/CO 24773 Books   General Stacks Dream Tech, Trivandrum 1395.00
free website counter